[Event "Aeroflot Open"]
[Site "Moscow RUS"]
[Date "2002.02.07"]
[Round "5"]
[White "Milov,V"]
[Black "Rashkovsky,N"]
[Result "1/2-1/2"]
[WhiteElo "2595"]
[BlackElo "2505"]
[EventDate "2002.02.04"]

1. d4 Nf6 2. c4 e6 3. Nc3 Bb4 4. e3 Nc6 5. Nge2 d5 6. a3 Bd6 7. c5 Be7 8.
f4 a5 9. Rb1 b6 10. b4 axb4 11. axb4 bxc5 12. bxc5 O-O 13. Ng3 Ba6 14. Bxa6
Rxa6 15. Qd3 Ra8 16. O-O Qd7 17. Bd2 Rfb8 18. Nb5 g6 19. Rb3 Na5 20. Bxa5
Rxa5 21. Rfb1 c6 22. Na3 Rxb3 23. Rxb3 Ra8 24. Nc2 Bd8 25. Rb4 Qa7 26. Ne2
Ne4 27. Nc1 Kf8 28. Rb2 Rb8 29. Rxb8 Qxb8 30. Qb3 Qxb3 31. Nxb3 Ke8 32. g4
f6 33. Kg2 Kd7 34. Kf3 Bc7 35. Nb4 e5 36. dxe5 fxe5 37. Na6 exf4 38. Nxc7
Kxc7 39. exf4 Kd7 40. h4 Ke6 41. Ke3 h5 42. f5+ gxf5 43. gxh5 Kf6 44. Kf4
Kg7 45. Nd4 1/2-1/2

[Event "Aeroflot Open"]
[Site "Moscow RUS"]
[Date "2002.02.07"]
[Round "5"]
[White "Korotylev,A"]
[Black "Podgaets,M"]
[Result "1/2-1/2"]
[WhiteElo "2564"]
[BlackElo "2490"]
[EventDate "2002.02.04"]

1. d4 Nf6 2. c4 e6 3. Nc3 Bb4 4. e3 O-O 5. Bd3 c5 6. Nf3 d5 7. O-O cxd4 8.
exd4 dxc4 9. Bxc4 b6 10. Bg5 Bb7 11. Ne5 Bxc3 12. bxc3 Qc7 13. Bd3 Nbd7 14.
Nxd7 Nxd7 15. Qh5 f5 16. Rac1 Qc6 17. f3 Qd5 18. Rc2 Rac8 19. Be3 Ne5 20.
Be2 Nc4 21. Bxc4 Rxc4 22. Bf4 Rfc8 23. Be5 Qd7 24. Qg5 Bd5 25. Qe3 h6 26.
h3 Qc6 27. h4 Rxc3 28. Rxc3 Qxc3 29. Qf2 Qa3 30. Qg3 Qe7 31. a4 Rc4 32. Ra1
Kh7 33. Qe1 Bc6 34. a5 b5 35. Rc1 a6 36. Rxc4 bxc4 37. Bf4 Bd5 38. Bd2 Qa3
39. Bc3 Kg8 40. Qd2 Qb3 41. Kf2 Kf7 42. Qb2 Qd1 43. Qd2 Qh1 44. Qf4 Kg6 45.
Qg3+ 1/2-1/2

[Event "Aeroflot Open"]
[Site "Moscow RUS"]
[Date "2002.02.07"]
[Round "5"]
[White "Ulko,J"]
[Black "Van Wely,L"]
[Result "0-1"]
[WhiteElo "2484"]
[BlackElo "2697"]
[EventDate "2002.02.04"]

1. d4 Nf6 2. c4 g6 3. Nc3 d5 4. cxd5 Nxd5 5. Nf3 Bg7 6. e4 Nxc3 7. bxc3 c5
8. Rb1 O-O 9. Be2 Nc6 10. d5 Bxc3+ 11. Bd2 Bxd2+ 12. Qxd2 Na5 13. h4 Bg4
14. h5 Bxf3 15. gxf3 e5 16. f4 exf4 17. Qxf4 Qe7 18. Rb5 b6 19. hxg6 fxg6
20. Qh2 Rad8 21. Kf1 Rd6 22. Rb2 Rf7 23. Bg4 Nc4 24. Re2 Ne5 25. Qh3 Nxg4
26. Qxg4 Qe5 27. Qc8+ Kg7 28. Qh3 h5 29. Rg1 Rf4 30. Qe3 Rdf6 31. Rg3 h4
32. Qc3 Rxf2+ 33. Rxf2 Rxf2+ 34. Kxf2 hxg3+ 35. Qxg3 Qxg3+ 36. Kxg3 c4 37.
Kg4 c3 0-1

[Event "Aeroflot Open"]
[Site "Moscow RUS"]
[Date "2002.02.07"]
[Round "5"]
[White "Belov,Vl"]
[Black "Magomedov,M"]
[Result "1/2-1/2"]
[WhiteElo "2487"]
[BlackElo "2596"]
[EventDate "2002.02.04"]

1. e4 e5 2. Nf3 Nc6 3. Bb5 a6 4. Ba4 Nf6 5. O-O Be7 6. Re1 b5 7. Bb3 d6 8.
c3 O-O 9. d4 Bg4 10. d5 Na5 11. Bc2 Qc8 12. h3 Bd7 13. Nbd2 c6 14. b4 Nb7
15. dxc6 Qxc6 16. Bb2 a5 17. a3 Nd8 18. Bd3 Ne6 19. g3 Qb6 20. Nb3 axb4 21.
axb4 g6 22. Na5 Nh5 23. Bc1 Rac8 24. c4 Qb8 25. Qe2 bxc4 26. Nxc4 Bb5 27.
Bh6 Rfd8 28. Ncxe5 dxe5 29. Bxb5 Bxb4 30. Reb1 Qd6 31. Ra6 Qe7 32. Rxe6
fxe6 33. Bg5 Qd6 34. Bxd8 Rxd8 35. Bc4 Bc5 36. Kg2 Ng7 37. Ra1 Rf8 38. Ra6
Qe7 39. Qc2 1/2-1/2

[Event "Aeroflot Open"]
[Site "Moscow RUS"]
[Date "2002.02.07"]
[Round "5"]
[White "Vlassov,N"]
[Black "Avrukh,B"]
[Result "1-0"]
[WhiteElo "2454"]
[BlackElo "2591"]
[EventDate "2002.02.04"]

1. e4 c5 2. c3 d5 3. exd5 Qxd5 4. d4 Nf6 5. Nf3 Bg4 6. dxc5 Qxc5 7. h3 Bh5
8. Be3 Qc7 9. Na3 Nbd7 10. Nb5 Qb8 11. g4 Bg6 12. g5 Ne4 13. Nh4 a6 14.
Nxg6 hxg6 15. Qd5 Rh4 16. O-O-O Qc8 17. Rd4 Ndc5 18. f3 e6 19. Qe5 f6 20.
Nc7+ Kf7 21. Qh2 e5 22. Bc4+ Ke7 23. gxf6+ gxf6 24. Nd5+ 1-0

[Event "Aeroflot Open"]
[Site "Moscow RUS"]
[Date "2002.02.07"]
[Round "5"]
[White "Lerner,K"]
[Black "Kalinin,Al"]
[Result "1-0"]
[WhiteElo "2569"]
[BlackElo "2512"]
[EventDate "2002.02.04"]

1. d4 Nf6 2. c4 e6 3. Nf3 b6 4. Nc3 Bb7 5. a3 d5 6. cxd5 Nxd5 7. Qc2 Be7 8.
e4 Nxc3 9. bxc3 O-O 10. Bd3 c5 11. O-O Qc8 12. Qa2 a5 13. Rb1 Ba6 14. Bxa6
Qxa6 15. d5 exd5 16. exd5 c4 17. Nd4 Nd7 18. Nb5 Rac8 19. Bf4 Rc5 20. a4
Qb7 21. Rfe1 Nf6 22. d6 Bd8 23. Be3 Rc8 24. Rbd1 Nd7 25. Bd4 Nf6 26. Re5
Ng4 27. Re2 Qd7 28. Qc2 Rc6 29. Qe4 Nf6 30. Qf3 Rxd6 31. Nxd6 Qxd6 32. Rb1
Nd5 33. Rb5 Nf4 34. Re1 Ne6 35. Qd5 Qf4 36. Be5 Qh4 37. Bg3 Qh6 38. Qxc4
Qd2 39. Rbb1 Bf6 40. Red1 Qc2 41. Qb3 Qxb3 42. Rxb3 Nc5 43. Ra3 Re8 44. Kf1
Ne4 45. c4 1-0

[Event "Aeroflot Open"]
[Site "Moscow RUS"]
[Date "2002.02.07"]
[Round "5"]
[White "Goloshchapov,A"]
[Black "Chernikov,O"]
[Result "1-0"]
[WhiteElo "2545"]
[BlackElo "2460"]
[EventDate "2002.02.04"]

1. e4 c5 2. Nf3 d6 3. d4 cxd4 4. Nxd4 Nf6 5. Nc3 Nc6 6. Bg5 g6 7. Bxf6 exf6
8. Bc4 Bg7 9. Ndb5 O-O 10. Qxd6 f5 11. O-O-O Qg5+ 12. f4 Qh6 13. Kb1 fxe4
14. Nxe4 Bg4 15. Rde1 Rad8 16. Nf6+ Kh8 17. Nxg4 Qh4 18. Qc7 Qxg4 19. Nd6
Qd7 20. Qxd7 Rxd7 21. Ne4 Nd4 22. c3 Rc8 23. Bxf7 Rf8 24. Bc4 b5 25. Bd3
Nf3 26. Rd1 Rfd8 27. Nf2 Nh4 28. g3 Nf3 29. Bxb5 Rxd1+ 30. Rxd1 Rb8 31. Kc2
g5 32. Be2 Nxh2 33. Rh1 Re8 34. Kd1 Rd8+ 35. Ke1 gxf4 36. gxf4 Rb8 37. Nd1
1-0

[Event "Aeroflot Open"]
[Site "Moscow RUS"]
[Date "2002.02.07"]
[Round "5"]
[White "Bar,R"]
[Black "Iskusnyh,S"]
[Result "0-1"]
[WhiteElo "2418"]
[BlackElo "2514"]
[EventDate "2002.02.04"]

1. e4 c5 2. Nf3 Nc6 3. d4 cxd4 4. Nxd4 Nf6 5. Nc3 d6 6. Bc4 Qb6 7. Nb3 e6
8. O-O Be7 9. Be3 Qc7 10. Bd3 a6 11. f4 b5 12. Qf3 O-O 13. g4 b4 14. Ne2 e5
15. f5 d5 16. Ng3 Bb7 17. g5 dxe4 18. Nxe4 Nxe4 19. Bxe4 Nd4 20. Nxd4 Bxe4
21. Qxe4 exd4 22. Bxd4 Bxg5 23. f6 g6 24. Qg4 Rfd8 25. c3 Bh6 26. Rae1 Bf8
27. Re4 Qa5 28. cxb4 Qxa2 29. Bc3 Qa4 30. Rfe1 Rd5 31. Rd4 Rad8 32. Red1 h5
33. Qf4 Rxd4 34. Rxd4 Re8 35. Qd2 a5 36. Rd5 axb4 37. Be5 Qc6 38. h3 Kh7
39. Bd6 Bh6 40. Qd1 Rd8 41. Qd3 Qc1+ 0-1

[Event "Aeroflot Open"]
[Site "Moscow RUS"]
[Date "2002.02.07"]
[Round "5"]
[White "Isaev,J"]
[Black "Gershon,A"]
[Result "0-1"]
[WhiteElo "2455"]
[BlackElo "2558"]
[EventDate "2002.02.04"]

1. e4 c5 2. Nf3 d6 3. d4 cxd4 4. Nxd4 Nf6 5. Nc3 Nc6 6. Bc4 Qb6 7. Nb3 e6
8. Be3 Qc7 9. O-O a6 10. Bd3 b5 11. f4 Be7 12. Qf3 Bb7 13. Kh1 O-O 14. Qh3
Nb4 15. Nd4 Rfe8 16. Rf3 Bf8 17. Qh4 Be7 18. Rh3 g6 19. f5 Nh5 20. Qg4 Nf6
21. Qg3 Nxd3 22. cxd3 Bd8 23. Rf1 b4 24. Nd1 Bc8 25. Bg5 e5 26. Qh4 Nh5 27.
fxg6 fxg6 28. Nf5 Bxg5 29. Qxg5 Nf4 30. Nh6+ Kg7 31. Rh4 Qe7 32. Qg3 Kh8
33. Ng4 Rf8 34. d4 g5 35. Rh6 Ne2 36. Qe1 Bxg4 37. Ne3 Rxf1+ 38. Qxf1 Rf8
39. Qe1 Rc8 40. Nd5 Qa7 0-1

[Event "Aeroflot Open"]
[Site "Moscow RUS"]
[Date "2002.02.07"]
[Round "5"]
[White "Obodchuk,A"]
[Black "Gagunashvili,M"]
[Result "0-1"]
[WhiteElo "2438"]
[BlackElo "2486"]
[EventDate "2002.02.04"]

1. d4 d5 2. c4 c6 3. Nf3 Nf6 4. Nc3 dxc4 5. a4 Bf5 6. e3 e6 7. Bxc4 Bb4 8.
O-O O-O 9. Qe2 Nbd7 10. e4 Bg4 11. Bg5 e5 12. d5 Bxc3 13. bxc3 Qc7 14. h3
cxd5 15. Bxd5 Nxd5 16. exd5 Bh5 17. g4 Bg6 18. Be7 Rfc8 19. Rfc1 f6 20. c4
Nc5 21. Bxc5 Qxc5 22. Nh4 Be8 23. Nf5 Bd7 24. Ng3 b6 25. Qd2 a5 26. Kh2 Qb4
27. Qa2 Rc7 28. Rab1 Qc5 29. d6 Rc6 30. Rb5 Qd4 31. Rxb6 Rxb6 32. c5+ Kf8
33. cxb6 Qxb6 34. Ne4 Qd4 35. Rc4 Qd3 36. Nc5 Qxd6 37. Nxd7+ Qxd7 38. Qc2
Kg8 39. Rc7 Qd4 40. Rc4 Qd8 41. Rc7 Kh8 42. Qc6 Qf8 43. Rf7 Qg8 44. Rc7 h6
45. Qd7 Qh7 46. Qd5 Rb8 47. Qxa5 Qe4 48. Qc5 Qf4+ 49. Kg2 Qe4+ 50. Kh2 Qf4+
51. Kg2 Qxa4 52. Rc8+ Rxc8 53. Qxc8+ Kh7 54. Qf5+ Kg8 55. Qe6+ Kf8 56. Qd6+
Kf7 57. Qd5+ Ke7 58. Qc5+ Ke6 59. Qb6+ Kf7 60. Qb7+ Kf8 61. Qc8+ Qe8 62.
Qc5+ Kg8 63. Qd5+ Qf7 64. Qa8+ Kh7 65. Qe4+ Qg6 66. Qc4 Qb1 67. Qd5 Qc2 68.
Kg1 Kg6 69. Kg2 Kg5 70. Qb7 g6 71. Qf3 Qd2 72. Qg3 h5 73. h4+ Kh6 74. g5+
Kg7 75. gxf6+ Kxf6 76. Qf3+ Ke6 77. Qc6+ Qd6 78. Qc8+ Kd5 79. Qg8+ Kd4 80.
Qg7 Qc6+ 81. Kg3 Qd6 82. Qa7+ Kc3 83. Qa1+ Kd2 84. Qb2+ Ke1 85. Qa1+ Kd2
86. Qb2+ Ke1 87. Qc1+ Qd1 88. Qc3+ Kf1 89. Qc4+ Kg1 90. Qe4 Qg4+ 91. Qxg4
hxg4 92. f3 gxf3 93. Kxf3 Kh2 94. Kg4 e4 95. Kf4 Kh3 0-1

[Event "Aeroflot Open"]
[Site "Moscow RUS"]
[Date "2002.02.07"]
[Round "5"]
[White "Firman,N"]
[Black "Khurtsidze,N"]
[Result "0-1"]
[WhiteElo "2485"]
[BlackElo "2434"]
[EventDate "2002.02.04"]

1. e4 c5 2. Nf3 d6 3. d4 cxd4 4. Nxd4 Nf6 5. Nc3 Nc6 6. Bg5 e6 7. Qd2 Be7
8. O-O-O a6 9. f4 Nxd4 10. Qxd4 b5 11. Bxf6 gxf6 12. f5 Qa5 13. Kb1 b4 14.
Ne2 e5 15. Qe3 Bb7 16. Ng3 d5 17. Qh6 O-O-O 18. Bd3 Rdg8 19. Rhe1 Kb8 20.
Qh5 Rg7 21. Be2 dxe4 22. Bc4 Qc7 23. Bb3 e3 24. Rxe3 Bxg2 25. Red3 Bc6 26.
Bd5 Bb5 27. R3d2 Rg5 28. Qf3 Bc5 29. Qb3 Rg4 30. Ne4 Be7 31. c4 bxc3 32.
Nxc3 Rb4 33. Qc2 Ba4 34. Nxa4 Qxc2+ 35. Kxc2 Rxa4 0-1

[Event "Aeroflot Open"]
[Site "Moscow RUS"]
[Date "2002.02.07"]
[Round "5"]
[White "Erenburg,S"]
[Black "Akhmetov,A"]
[Result "0-1"]
[WhiteElo "2436"]
[BlackElo "2482"]
[EventDate "2002.02.04"]

1. e4 e5 2. Nf3 Nc6 3. Bb5 Nf6 4. O-O Be7 5. Re1 d6 6. d4 Bd7 7. Nc3 exd4
8. Nxd4 O-O 9. Bxc6 Bxc6 10. Nxc6 bxc6 11. Qd3 Nd7 12. Qa6 Nb6 13. Bf4 Qc8
14. Qxc8 Rfxc8 15. Rad1 a5 16. Ne2 Bf6 17. Nd4 Bxd4 18. Rxd4 f6 19. Bc1 a4
20. f4 Re8 21. Kf2 Kf7 22. Rd2 Nd7 23. Rde2 Nc5 24. Kf3 Rab8 25. g3 Rb4 26.
b3 Ne6 27. c3 Rb5 28. b4 c5 29. f5 Nf8 30. a3 Nd7 31. Bf4 Nb6 32. Ra2 Nc4
33. Rd1 Re7 34. h4 h5 35. Rg1 d5 36. exd5 cxb4 37. axb4 Rxd5 38. Rxa4 Rxf5
39. Rd1 g5 40. hxg5 fxg5 41. Rd4 Nd6 42. c4 gxf4 43. gxf4 Rf6 44. Ra7 Nf5
45. Rd8 Nh4+ 46. Kg3 Ng6 0-1

[Event "Aeroflot Open"]
[Site "Moscow RUS"]
[Date "2002.02.08"]
[Round "6"]
[White "Yemelin,V"]
[Black "Grischuk,A"]
[Result "1/2-1/2"]
[WhiteElo "2522"]
[BlackElo "2671"]
[EventDate "2002.02.04"]

1. e4 e5 2. Nf3 Nc6 3. Bb5 a6 4. Ba4 Nf6 5. O-O Be7 6. Re1 b5 7. Bb3 d6 8.
c3 O-O 9. d3 Na5 10. Bc2 c5 11. Nbd2 Nc6 12. Nf1 Re8 13. h3 h6 14. Ne3 Bf8
15. a4 b4 16. Bb3 Rb8 17. Nd5 Na5 18. Nxf6+ Qxf6 19. Bd5 bxc3 20. bxc3 Be6
21. Bxe6 Qxe6 22. c4 Be7 23. Bd2 Nc6 24. a5 Rb7 25. Qa4 Qd7 26. Reb1 Reb8
27. Rxb7 Rxb7 28. g3 Nd4 29. Qxd7 Nxf3+ 30. Kg2 Rxd7 31. Kxf3 Rb7 32. Ra2
Bg5 33. Ke2 Bxd2 34. Kxd2 h5 35. Kc3 Kh7 36. Rb2 Rxb2 37. Kxb2 h4 38. Kc2
Kh6 39. g4 1/2-1/2

[Event "Aeroflot Open"]
[Site "Moscow RUS"]
[Date "2002.02.08"]
[Round "6"]
[White "Tregubov,P"]
[Black "Volkov,S"]
[Result "1-0"]
[WhiteElo "2626"]
[BlackElo "2567"]
[EventDate "2002.02.04"]

1. d4 d5 2. c4 c6 3. Nf3 Nf6 4. e3 Bf5 5. Nc3 e6 6. Nh4 Be4 7. f3 Bg6 8.
Qb3 Qc7 9. Bd2 Nbd7 10. cxd5 exd5 11. O-O-O O-O-O 12. e4 dxe4 13. Nxg6 hxg6
14. fxe4 Nb6 15. Bg5 Re8 16. Bd3 Ng4 17. Rhf1 f6 18. h3 Nf2 19. Rxf2 Qg3
20. Rc2 Qxg5+ 21. Kb1 Kb8 22. d5 c5 23. a4 Rc8 24. Nb5 Qg3 25. a5 Nd7 26.
a6 b6 27. d6 Rh5 28. Qf7 Rd8 29. Bc4 Re5 30. Be6 Rxe6 31. Qxe6 Qe5 32. Qg4
Qh5 33. Qxh5 gxh5 34. g4 hxg4 35. hxg4 Ne5 36. g5 fxg5 37. Rd5 Nc6 38. Rxg5
Bxd6 39. Rg6 Nb4 40. Rxd6 Rxd6 41. Nxd6 Nxc2 42. Kxc2 g5 43. e5 Kc7 44.
Nb5+ Kd7 45. Nxa7 g4 46. Nb5 g3 47. Nc3 1-0

[Event "Aeroflot Open"]
[Site "Moscow RUS"]
[Date "2002.02.08"]
[Round "6"]
[White "Ovetchkin,R"]
[Black "Vescovi,G"]
[Result "1/2-1/2"]
[WhiteElo "2483"]
[BlackElo "2590"]
[EventDate "2002.02.04"]

1. e4 c5 2. Nf3 e6 3. b3 d6 4. Bb5+ Nd7 5. Bb2 Ngf6 6. Qe2 Be7 7. O-O O-O
8. c4 Nb6 9. Nc3 a6 10. Ba4 e5 11. Ne1 g6 12. f4 exf4 13. Rxf4 Nh5 14. Rf1
Bf6 15. Nd1 Bxb2 16. Nxb2 Qe7 17. d4 f5 18. dxc5 dxc5 19. e5 Nf6 20. Ned3
Ne4 21. Qe3 Be6 22. Nf2 Qg5 23. Qxg5 Nxg5 24. Rfd1 Rfd8 25. h4 Ne4 26. Nxe4
fxe4 27. Kf2 Rd4 28. Ke3 Rad8 29. Rxd4 cxd4+ 30. Kxe4 Bf5+ 31. Kf3 Kf7 32.
g4 Bc2 33. Ke2 d3+ 34. Kd2 Rd4 35. Rf1+ Ke7 36. Rf6 Nc8 37. h5 Rxg4 38.
hxg6 Rxg6 39. Rf5 Nb6 40. Rh5 h6 41. Nxd3 Rg2+ 42. Kc3 Nxa4+ 43. bxa4 Bxd3
44. Kxd3 Ke6 45. Kd4 Rd2+ 46. Kc5 Rxa2 47. Rxh6+ Kxe5 48. Rb6 Rxa4 49. Rxb7
Ke6 50. Ra7 a5 51. Ra6+ Ke5 52. Ra8 Ke6 53. Ra7 Ra1 54. Kb5 Rb1+ 55. Kc6
Ra1 56. Ra8 a4 57. Re8+ Kf7 58. Re2 a3 59. c5 a2 60. Rc2 Ke7 61. Kc7 Ke8
62. c6 1/2-1/2

[Event "Aeroflot Open"]
[Site "Moscow RUS"]
[Date "2002.02.08"]
[Round "6"]
[White "Dolmatov,S"]
[Black "Vorobiov,E"]
[Result "1/2-1/2"]
[WhiteElo "2588"]
[BlackElo "2534"]
[EventDate "2002.02.04"]

1. e4 c5 2. Nf3 d6 3. d4 cxd4 4. Nxd4 Nf6 5. Nc3 a6 6. Be2 e6 7. a4 Nc6 8.
Be3 Be7 9. O-O O-O 10. f4 Qc7 11. Kh1 Re8 12. Bf3 Bf8 13. g4 Nd7 14. Bg2
Nxd4 15. Bxd4 b6 16. g5 Bb7 17. f5 exf5 18. exf5 Bxg2+ 19. Kxg2 Ne5 20.
Bxe5 Rxe5 21. Qf3 Rae8 22. Kh1 d5 23. Rad1 b5 24. axb5 axb5 25. g6 hxg6 26.
fxg6 fxg6 27. Rxd5 Re3 28. Qg2 b4 29. Nb5 Qc4 30. b3 Qe4 1/2-1/2

[Event "Aeroflot Open"]
[Site "Moscow RUS"]
[Date "2002.02.08"]
[Round "6"]
[White "Mikhalevski,V"]
[Black "Kharlov,A"]
[Result "1/2-1/2"]
[WhiteElo "2531"]
[BlackElo "2638"]
[EventDate "2002.02.04"]

1. d4 d5 2. c4 e6 3. Nf3 c6 4. Bg5 Nf6 5. Nc3 h6 6. Bxf6 Qxf6 7. e3 Nd7 8.
Bd3 Bd6 9. O-O Qe7 10. e4 dxc4 11. Bxc4 e5 12. d5 Nb6 13. dxc6 bxc6 14. Be2
O-O 15. Qc2 Bg4 16. Rac1 Rac8 17. Nd1 c5 18. Ne3 Bxf3 19. Bxf3 c4 20. Be2
c3 21. bxc3 Bc5 22. Nf5 Qg5 23. Rcd1 Rfd8 24. g3 h5 25. Kg2 g6 26. f4 exf4
27. h4 Qf6 28. Nh6+ Kg7 29. Rxf4 Rxd1 30. Bxd1 Nc4 31. Rxf6 Ne3+ 32. Kh3
Nxc2 33. Rxf7+ Kxh6 34. Bxc2 Bd6 35. Rf6 Rxc3 36. Rxd6 Rxc2 37. Ra6 Re2 38.
Ra4 a5 39. a3 Kg7 40. Rxa5 Rxe4 41. Kg2 Re3 42. Ra7+ Kf6 43. Ra6+ Kf5 44.
Ra8 Re2+ 45. Kf3 Ra2 46. Rf8+ Ke6 47. Re8+ Kf5 48. Re3 Ra1 49. Ke2 Kg4 50.
Kd2 g5 51. hxg5 Kxg5 52. Kc2 Rh1 53. a4 Kf6 54. Kb3 Rh3 55. Rc3 Ke7 56. a5
h4 57. gxh4 Rxh4 58. a6 Kd7 59. Rc5 Rh1 60. Kb4 Rb1+ 61. Ka5 Ra1+ 62. Kb6
Rb1+ 63. Ka5 Ra1+ 64. Kb6 Rb1+ 65. Ka7 Rb2 66. Ka8 Rb1 67. Ka7 Rb2 68. Rh5
Kc7 69. Rh7+ Kc8 70. Rh6 Kc7 1/2-1/2

[Event "Aeroflot Open"]
[Site "Moscow RUS"]
[Date "2002.02.08"]
[Round "6"]
[White "Lastin,A"]
[Black "Kulaots,K"]
[Result "1/2-1/2"]
[WhiteElo "2630"]
[BlackElo "2531"]
[EventDate "2002.02.04"]

1. e4 c5 2. Nf3 d6 3. d4 cxd4 4. Nxd4 Nf6 5. Nc3 a6 6. Bg5 e6 7. f4 Qc7 8.
Bxf6 gxf6 9. Be2 Nc6 10. Qd2 h5 11. O-O-O Bd7 12. Rhf1 O-O-O 13. Rf3 Kb8
14. Kb1 Rc8 15. Nb3 Be7 16. Rd3 h4 17. Qe3 Rhg8 18. Bf1 Na5 19. Rd4 Qb6 20.
Qf3 Nc6 21. R4d2 Rh8 22. Na4 Qb4 23. Nac5 dxc5 24. Rxd7 c4 25. c3 Qa4 26.
Nc1 Rcd8 27. Qe2 Na5 28. R7d4 Rxd4 29. Rxd4 Qc6 30. Qf3 b5 31. Be2 1/2-1/2

[Event "Aeroflot Open"]
[Site "Moscow RUS"]
[Date "2002.02.08"]
[Round "6"]
[White "Kovalevskaya,E"]
[Black "Turov,M"]
[Result "1/2-1/2"]
[WhiteElo "2462"]
[BlackElo "2563"]
[EventDate "2002.02.04"]

1. e4 e5 2. Nf3 Nc6 3. Bb5 a6 4. Ba4 Nf6 5. O-O Be7 6. Bxc6 dxc6 7. d3 Nd7
8. Nbd2 O-O 9. Nc4 f6 10. Nh4 Nc5 11. Qf3 Ne6 12. Nf5 Nd4 13. Nxd4 Qxd4 14.
Be3 Qd7 15. Qg3 Qg4 1/2-1/2

[Event "Aeroflot Open"]
[Site "Moscow RUS"]
[Date "2002.02.08"]
[Round "6"]
[White "Izoria,Z"]
[Black "Prokopchuk,E"]
[Result "1-0"]
[WhiteElo "2547"]
[BlackElo "2508"]
[EventDate "2002.02.04"]

1. Nf3 Nf6 2. c4 d6 3. d4 Nbd7 4. Nc3 e5 5. e4 Be7 6. Be2 O-O 7. O-O c6 8.
Be3 a6 9. d5 cxd5 10. cxd5 Ng4 11. Bd2 b5 12. Ne1 Ngf6 13. Nc2 Nb6 14. Nb4
Bd7 15. a3 Qb8 16. Rc1 Rc8 17. Nc6 Bxc6 18. dxc6 Rxc6 19. Nd5 Rxc1 20.
Nxe7+ Kf8 21. Qxc1 Kxe7 22. f4 Nbd7 23. fxe5 Nxe5 24. Bg5 Qc8 25. Qf4 Qc5+
26. Kh1 Ned7 27. Bh4 Qe5 28. Qd2 Qe6 29. Rd1 Rc8 30. h3 Ne5 31. a4 bxa4 32.
Bxa6 Rb8 33. Qd4 Rb3 34. Bc8 Qxc8 35. Qxd6+ Ke8 36. Qxe5+ Kf8 37. Qd6+ Ke8
38. e5 1-0

[Event "Aeroflot Open"]
[Site "Moscow RUS"]
[Date "2002.02.08"]
[Round "6"]
[White "Van Wely,L"]
[Black "Riazantsev,A"]
[Result "1/2-1/2"]
[WhiteElo "2697"]
[BlackElo "2511"]
[EventDate "2002.02.04"]

1. d4 Nf6 2. c4 e6 3. Nf3 b6 4. g3 Ba6 5. b3 Bb4+ 6. Bd2 Be7 7. Nc3 d5 8.
cxd5 exd5 9. Bg2 O-O 10. O-O Bb7 11. Qc2 Nbd7 12. Rfd1 Re8 13. Bf4 c6 14.
Ne5 Nh5 15. Bc1 1/2-1/2

[Event "Aeroflot Open"]
[Site "Moscow RUS"]
[Date "2002.02.08"]
[Round "6"]
[White "Iskusnyh,S"]
[Black "Zvjaginsev,V"]
[Result "0-1"]
[WhiteElo "2514"]
[BlackElo "2656"]
[EventDate "2002.02.04"]

1. d4 Nf6 2. c4 e6 3. Nf3 d5 4. Nc3 Bb4 5. e3 O-O 6. Bd3 c5 7. O-O cxd4 8.
exd4 dxc4 9. Bxc4 b6 10. Bg5 Bb7 11. Bb3 Nbd7 12. Rc1 Bxc3 13. bxc3 Qc7 14.
Re1 Ne4 15. Qd3 Nxg5 16. Nxg5 Nf6 17. Bc2 g6 18. Bb3 Qf4 19. Nh3 Qh6 20.
Qe3 Qxe3 21. fxe3 Rac8 22. Nf2 Rc7 23. e4 Rfc8 24. Re3 b5 25. g4 g5 26. h3
Kg7 27. a3 a5 28. Kh2 h6 29. Kg3 Nxe4+ 30. Nxe4 Bxe4 31. a4 bxa4 32. Bxa4
Bd5 33. Kf2 Rb8 34. Bd1 Rb4 35. Ra1 Rb2+ 36. Be2 Rc2 37. Rxa5 R7xc3 38.
Rxc3 Rxc3 39. Bf1 Rf3+ 40. Ke2 Rf4 41. Ra4 h5 0-1

[Event "Aeroflot Open"]
[Site "Moscow RUS"]
[Date "2002.02.08"]
[Round "6"]
[White "Mchedlishvili,M"]
[Black "Filippov,V"]
[Result "1-0"]
[WhiteElo "2527"]
[BlackElo "2625"]
[EventDate "2002.02.04"]

1. d4 Nf6 2. c4 e6 3. Nc3 Bb4 4. e3 c5 5. Bd3 Nc6 6. Nge2 cxd4 7. exd4 d5
8. cxd5 Nxd5 9. O-O O-O 10. Nxd5 Qxd5 11. a3 Bd6 12. Nc3 Qa5 13. Be3 Qd8
14. Qh5 g6 15. Qh6 Be7 16. Rad1 Bf6 17. Bc4 Bg7 18. Qf4 Bd7 19. Ba2 Rc8 20.
Rfe1 b6 21. Qf3 Ne7 22. Bg5 h6 23. Bf6 Bxf6 24. Qxf6 1-0

[Event "Aeroflot Open"]
[Site "Moscow RUS"]
[Date "2002.02.08"]
[Round "6"]
[White "Rashkovsky,N"]
[Black "Ivanov,AV"]
[Result "1/2-1/2"]
[WhiteElo "2505"]
[BlackElo "2578"]
[EventDate "2002.02.04"]

1. d4 Nf6 2. Nf3 e6 3. c4 b6 4. e3 Bb7 5. Bd3 d5 6. cxd5 exd5 7. O-O Bd6 8.
b4 O-O 9. Qb3 Qe7 10. b5 c5 11. bxc6 Nxc6 12. Ba3 Na5 13. Bxd6 Qxd6 14. Qa3
Qxa3 15. Nxa3 Rfc8 16. Rfc1 Ne8 17. Nd2 Nd6 18. Nb5 Nxb5 19. Bxb5 Kf8 20.
f3 Rxc1+ 21. Rxc1 Rc8 22. Rxc8+ Bxc8 23. Kf2 Ke7 24. e4 Bd7 25. Bd3 dxe4
26. fxe4 f6 27. Ke3 1/2-1/2

[Event "Aeroflot Open"]
[Site "Moscow RUS"]
[Date "2002.02.08"]
[Round "6"]
[White "Galkin,A"]
[Black "Sandipan,C"]
[Result "1/2-1/2"]
[WhiteElo "2570"]
[BlackElo "2452"]
[EventDate "2002.02.04"]

1. e4 e5 2. Nf3 Nc6 3. Bb5 Nf6 4. O-O Nxe4 5. d4 Nd6 6. Bxc6 dxc6 7. dxe5
Nf5 8. Qxd8+ Kxd8 9. Nc3 Ke8 10. h3 a5 11. a3 Be7 12. Re1 Be6 13. Ne4 Rd8
14. Bd2 b6 15. Bc3 h5 16. Nfg5 Bxg5 17. Nxg5 Nd4 18. Bxd4 Rxd4 19. Rad1 Rd5
20. Nxe6 fxe6 21. c4 Rxd1 22. Rxd1 Rf8 23. c5 Rf5 24. cxb6 cxb6 25. Rd6
Rxe5 26. Rxc6 b5 27. Rc7 Re1+ 28. Kh2 Re2 29. Rxg7 Rxf2 30. Rg5 Rxb2 31.
Rxh5 Rb3 32. a4 bxa4 33. Rxa5 a3 34. Ra7 Kf8 35. h4 e5 36. h5 e4 37. h6 Kg8
38. g4 e3 39. g5 Rb5 40. Ra8+ Kh7 41. Ra7+ Kg8 42. Ra8+ Kh7 1/2-1/2

[Event "Aeroflot Open"]
[Site "Moscow RUS"]
[Date "2002.02.08"]
[Round "6"]
[White "Podgaets,M"]
[Black "Lerner,K"]
[Result "1/2-1/2"]
[WhiteElo "2490"]
[BlackElo "2569"]
[EventDate "2002.02.04"]

1. d4 g6 2. Nf3 Bg7 3. g3 d5 4. Bg2 Nf6 5. c4 dxc4 6. Na3 c3 7. bxc3 c5 8.
O-O O-O 9. e3 Nc6 10. Qe2 Bf5 11. Rd1 Qa5 12. Bb2 Rfd8 13. Nd2 cxd4 14.
cxd4 Bg4 15. f3 Be6 16. Nb3 Bxb3 17. axb3 Nd5 18. f4 Nc3 19. Bxc3 Qxc3 20.
Nc4 Qb4 21. Bxc6 bxc6 22. Na5 Rac8 23. Qc4 Qb6 24. b4 Rc7 25. Rac1 Rdc8 26.
Qb3 1/2-1/2

[Event "Aeroflot Open"]
[Site "Moscow RUS"]
[Date "2002.02.08"]
[Round "6"]
[White "Beshukov,S"]
[Black "Kosyrev,V"]
[Result "1-0"]
[WhiteElo "2465"]
[BlackElo "2565"]
[EventDate "2002.02.04"]

1. e4 e6 2. d3 d5 3. Qe2 Nf6 4. Nf3 c5 5. g3 b6 6. Bg2 Bb7 7. e5 Nfd7 8. c4
d4 9. O-O Nc6 10. h4 Qc7 11. Re1 Be7 12. Na3 a6 13. Nc2 b5 14. b3 b4 15.
Bf4 h6 16. h5 O-O-O 17. a3 a5 18. axb4 axb4 19. Nd2 g5 20. hxg6 fxg6 21.
Ne4 g5 22. Nd6+ Bxd6 23. exd6 Qb8 24. Bd2 e5 25. Ra2 Qxd6 26. Rea1 Kc7 27.
Ne1 Kb6 28. Nf3 Ra8 29. Be1 Rxa2 30. Rxa2 Na5 31. Nd2 Bxg2 32. Kxg2 Nf6 33.
Kg1 g4 34. Nf1 Qc6 35. Bxb4 cxb4 36. Qxe5 Nxb3 37. Qe7 Ra8 38. Qxb4+ Kc7
39. Qxb3 Nd7 40. Rxa8 Qxa8 41. Qb5 Qf3 42. Qa5+ Kd6 43. Nd2 Qxd3 44. Qd5+
Kc7 45. Ne4 Qd1+ 46. Kh2 d3 47. c5 Qc2 48. Qd6+ Kc8 49. c6 Nb6 1-0

[Event "Aeroflot Open"]
[Site "Moscow RUS"]
[Date "2002.02.08"]
[Round "6"]
[White "Bartel,Mat"]
[Black "Kuzmin,G"]
[Result "1/2-1/2"]
[WhiteElo "2413"]
[BlackElo "2527"]
[EventDate "2002.02.04"]

1. e4 d6 2. d4 Nf6 3. Nc3 g6 4. Bg5 c6 5. Qd2 Bg7 6. f4 O-O 7. Nf3 b5 8.
Bd3 b4 9. Ne2 a5 10. O-O d5 11. Ng3 c5 12. e5 c4 13. Be2 Ne4 14. Nxe4 dxe4
15. Ne1 Ba6 16. c3 b3 17. Qe3 f5 18. axb3 cxb3 19. c4 Qd7 20. Rxa5 Nc6 21.
Rd5 Qb7 22. Rc5 Nd8 23. Ra5 Ne6 24. Ra3 Rfb8 25. Bh4 Qb4 26. d5 Nf8 27. d6
exd6 28. Be7 Ne6 29. Bxd6 Qxd6 30. exd6 Bd4 31. Kf2 Kf7 32. g4 fxg4 33. Ng2
h5 34. Rd1 Bxe3+ 35. Kxe3 Bb7 36. Rda1 Ke8 37. Rxa8 1/2-1/2

[Event "Aeroflot Open"]
[Site "Moscow RUS"]
[Date "2002.02.08"]
[Round "6"]
[White "Meister,Y"]
[Black "Shipov,S"]
[Result "1/2-1/2"]
[WhiteElo "2494"]
[BlackElo "2630"]
[EventDate "2002.02.04"]

1. e4 c5 2. Nc3 d6 3. f4 g6 4. Nf3 Bg7 5. Bc4 Nc6 6. O-O e6 7. d3 Nge7 8.
Qe1 O-O 9. f5 gxf5 10. Qh4 fxe4 11. dxe4 Nd4 12. Bh6 Ng6 13. Qh5 Nxf3+ 14.
Rxf3 Qh4 15. Qxh4 Nxh4 16. Rg3 Ng6 17. Bxg7 Kxg7 18. Rd1 Bd7 19. Rxd6 Rad8
1/2-1/2